| 000 | 00713nam a2200229 a 4500 | ||
|---|---|---|---|
| 001 | 6014 | ||
| 003 | CDMR | ||
| 005 | 20131113103128.0 | ||
| 008 | 130220s2006||||||||||||||||||||||||||||d | ||
| 020 | _a8496499421 | ||
| 040 |
_aCDMR _bcat _cCPC LLEIDA |
||
| 245 | 0 | 0 |
_aQuè ens expliquen? _b: com interpretar la informació _cJosep-Maria Terricabres (coord.) ; Salvador Alsius ... [et al.] |
| 260 |
_aBarcelona _bMina _c2006 |
||
| 300 | _a125 p. | ||
| 490 | 0 |
_aViure _v10 |
|
| 490 | 0 | _aFilosofia x a ciutadans | |
| 650 | 0 | 4 |
_9980 _aComunicació _xAspectes ètics i morals |
| 650 | 0 | 4 |
_93219 _aPeriodisme _xObjectivitat |
| 700 | 1 |
_92619 _aTerricabras, Josep Maria |
|
| 700 | 1 |
_9340 _aAlsius, Salvador |
|
| 942 |
_cMON _2udc |
||
| 999 |
_c6014 _d6014 |
||